| 000 | 01209nam a2200277 a 4500 | ||
|---|---|---|---|
| 001 | 25239 | ||
| 003 | CO-ViMGA | ||
| 005 | 20230915232048.0 | ||
| 008 | 141112s2004 ck r 000 u spa d | ||
| 020 | _a9789587190649 | ||
| 040 |
_aCO-ViMGA _bspa _cCO-ViMGA |
||
| 082 | 0 | 4 | _a323.042 M334 |
| 100 | 1 |
_aMedina Gallego, Carlos. _913030 |
|
| 245 | 1 | 0 |
_aLa gestión pública participativa en el contexto de la gestión social integral : _bnociones y conceptos / _cCarlos Medina Gallego, André - Noel Roth Deubel, Luis Humberto Hernández ; prólogo Alejo Vargas Velásquez. |
| 260 |
_aBogotá : _bUniversidad Nacional de Colombia, _cFacultad de Derecho, _cCiencias Políticas y Sociales, _c2008. |
||
| 300 | _a155 p. : il. ; 24 cm. | ||
| 504 | _aIncluye bibliografías. | ||
| 650 | 1 | 4 | _aCiencia Política |
| 650 | 1 | 4 |
_aCultura ciudadana. _938453 |
| 650 | 1 | 4 | _aDemocracia |
| 650 | 1 | 4 |
_aDesarrollo participativo _938454 |
| 650 | 1 | 4 | _aParticipación ciudadana |
| 700 | 1 |
_aRoth Deubel, André - Noèel. _938455 |
|
| 942 |
_2ddc _cBK |
||
| 999 |
_c32865 _d32865 |
||